000
00398nam a22001337a 4500
003
SGT
020
_a
9789388188284
082
_a
891.4309
_b
B18T
100
_a
तिवारी, अर्जुन
245
_a
भोजपुरी हिंदी अंग्रेजी शब्दकोष
260
_b
राजकमल प्रकाशन
_c
2018
300
_a
600
942
_2
ddc
_c
BK
999
_c
31425
_d
31425